00916nam a2200241Ia 4500003000400000005001700004008004100021020001500062040001800077041000800095082002100103100002400124245008800148250001200236260005200248260005200300300002300352650005700375650003000432942003000462999001900492952016300511OSt20220127093623.0210716s2006 xx 000 0 und d a8122417159 cAIMIT LIBRARY aeng a332.17 21bCERA aCerny, Ales.914803 aMathematical techniques in finance:btools for incomplete markets /cby Ales Cerny. a1st ed. aNew Delhi:bNew Age International Pvt Ltdc2006 aBangladesh:bPrinceton University Press,c2006. axviii,378p.c23cm. aArbitrage and pricing in the one period model914804 aTowards continuous914805 2ddccBKe1stk332.17 CERA c199745d199745 00102ddc40708MBAaAIMITbAIMITd2005-11-24g295.00iBill no:230; Bill dt:2005-11-18l0o332.17 CERApMBA02310r2026-05-23 00:00:00v236.00w2021-07-16yBK